000 00210 a2200097 4500
001 9565
100 _aCyster, R
245 _aA First Course Hygiene
260 _a
_bUniversity Tutorial
_c
090 _c7606
_d7606
942 _aNUST-CAE
_cM
_c34274
999 _c244638
_d244638